Sabrina Carpenter - Guess by first verses #2 - Statistics

General Stats
  • This quiz has been taken 109 times
  • The average score is 12 of 20
Answer Stats
Hint Answer % Correct
Oh, I leave quite an impression Taste
91%
I won′t give a fuck about you Oh-mm I won't give a fuck about you Good Graces
90%
One, two, a one, two, three The second I put my head on your chest She knew she′s got a real sixth sense Coincidence
85%
Don′t have to tell your hot ass a thing Oh, yeah, you just get it Juno
84%
Think I only want one number in my phone I might change your contact to "Don′t leave me alone" Nonsense
84%
I said I wanted Thin Mints, and you said you knew a guy because i liked a boy
81%
Don′t swear on your mom That it's the first drink that you′ve had in like a month Lie To Girls
74%
The clock is tickin′ lately I guess that means I'm doin′ somethin' right 15 Minutes
73%
Guess I′ll end this life alone I am not dramatic, these are just the thoughts that pass right through me Slim Pickins
72%
He′s good for my heart, but he's... Bad for Business
68%
You′re so [**** *** ******] It's just what I fall for Dumb & Poetic
67%
It′ll be a Wednesday and I'll be going to this coffee shop Hear the barista call an oat milk latte and your name skinny dipping
56%
Told me, told me I′m your only It's all unfolding, babe Slowly, slowly lies you sold me All saw the light of day bet u wanna
51%
You′re good at the falling, not the staying there You're good at the giving too much then getting scared decode
48%
Sun′s up too soon like daylight savings Mixed emotions are congregating Picturing us in all these places Fast Times
44%
Made it clear when you told me (ah) Don′t know why, but you gotta be lonely (ah) Read Your Mind
44%
Who put the baby in charge It′s already hard to buy all the parts and learn to use them Exhale
30%
Think you got your break? I′m no sugar mama, I'm no piggy bank Tell me what you think, nah-nah-nah Diamonds Are Forever
26%
Hope I never see you in the right light Hope I always catch you at the wrong time Take Off All Your Cool
22%
You can get real close Talking, you′re talking now Underneath our clothes Pretend that we know it all prfct
16%
No matching quizzes found
Score Distribution
Percent of People with Each Score
Percentile by Number Answered
Your Score History
You have not taken this quiz